000 00792nam a22002177a 4500
001 0000003097
003 OSt
005 20250502115701.0
008 250502b ||||| |||| 00| 0 eng d
020 _a0873350561
_cRM 113.19
_qHardback
040 _bEng
_cPusat Penyelidikan Mineral, Jabatan Mineral Dan Geosains Malaysia
082 _a628 MIN
100 _eWilliam, Roy E.
245 _aMine Hydrology /
_cby Roy E. Williams ... (et al).,
260 _aLittleton, Colo. :
_bSociety of Mining Engineers,
_c1986
300 _ax, 169 p. :
_bgraph, ill.;
_c26 cm
504 _aIncludes bibliographical references ( p.: 137 - 142 ), indexs (p.: 165 - 169 )
650 _vMine Drainage
_xMine Water
700 _dWinter, V. Gerry, Bloomsburg, George L., Ralston, Dale R.
942 _2ddc
_cBK
999 _c26499
_d26499